Datum a čas kvízu

41 Celkem bodů Celkový počet nahraných bodů na tomto kvízu bez doplňovacích otázek.
1. Pořadí na kvízu Konečné umístění týmu na tomto kvízu.

Zaznamenané odpovědi

# Otázka Odpověď Body Výsledky
1. Jiří Langmajer, Zdislava Pokor... Hejt není názor 1
2. K čemu vybídl syn Joea Bidena... C 1
3. Kterému rapperovi byl zakázán... Kanyemu Westovi 1
4. Kterému živočichovi, jenž pomá... A 1
5. Který úspěšný plavec se stal m... David Kratochvíl 1
6. Vaším prvním úkolem v dnešním... 1D 2B 3A 4C 0
7. Poznejte (parodii na) gangster... Někdo to rád horké (Some Like It Hot) 1
8. Italští herci Carlo Pedersoli... Bud Spencer a Terence Hill 1
9. Gangster, na kterého se ptáme,... Jabba Hutt 1
10. Uveďte jméno i příjmení postav... John Wick 1